00401 2200157 4500001002100000008004100021035002000062245003400082260003500116300002400151020001800175084001700193082001100210650001000221990001200231INLIS000000000003003 ind  a0010-1024000151 aThe Gentleman SecretcAquilea aYogyakartabSinar Kejorac2016 a232c13,5 x 19,5 cm a9786027440807 a808.83 AQU t a808.83 afiksi aDI.3628